Density estimation for statistics an data analisys

محفوظ في:
التفاصيل البيبلوغرافية
المؤلف الرئيسي: Silverman, B. W (مؤلف)
التنسيق: كتاب
اللغة:الإنجليزية
منشور في: Londres Chapman and Hall 1986
سلاسل:Monographs on statistics and applied probability, 26
الموضوعات:
الوسوم: إضافة وسم
لا توجد وسوم, كن أول من يضع وسما على هذه التسجيلة!

MARC

LEADER 00000nam a2200000 a 4500
001 UCW1378
003 CL-VaPUC
008 920519e19860000UK |||||||||||||||||eng|d
082 0 4 |a 519.54  |b SIL  |2 21 
100 0 |a Silverman, B. W  |e author  |9 305306 
245 1 0 |a Density estimation for statistics an data analisys 
300 |a 172 p 
942 |c BK 
945 |d 19920519 00:00:00 
260 |a Londres  |b Chapman and Hall  |c 1986 
650 0 |a Teoría de la estimación   |9 270845 
650 0 |a Estadística no paramétrica   |9 270089 
583 |a last modification  |c 19920519 00:00:00  |k Rodrigo Vera 
490 0 |a Monographs on statistics and applied probability, 26 
999 |c 216274  |d 216272 
952 |0 0  |1 0  |4 0  |6 519_540000000000000_SIL_1986  |7 0  |8 A  |9 201817  |a BIBGIM  |b BIBGIM  |d 2019-11-14  |i 2690667  |l 1  |m 2  |o 519.54 SIL 1986  |p 2690667  |r 2025-01-15  |s 2022-11-29  |w 2019-11-14  |y BK  |k EST